Normal view
MARC view
Entry Topical Term
001 - CONTROL NUMBER
- control field: 16781
003 - CONTROL NUMBER IDENTIFIER
- control field: HDC
005 - DATE AND TIME OF LATEST TRANSACTION
- control field: 20230624073505.0
008 - FIXED-LENGTH DATA ELEMENTS
- fixed length control field: 210224|| aca||aabn | a|a d
040 ## - CATALOGING SOURCE
- Original cataloging agency: HDC
- Transcribing agency: HDC
150 ## - HEADING--TOPICAL TERM
- Topical term or geographic name entry element: GM crops and products
670 ## - SOURCE DATA FOUND
- Source citation: Work cat.: (HDC): Malaysia: Resolution on Halal Status of GM Crops and Foods Adopted, 2010
